LDR 01289naa#a2200241#i#450# 001 RU\\bibl\102914 005 20260427200616.1 011 ## _a2071-7318 100 ## _a20260409b2026####ek#y0rusy0150####ca 102 ## _aRU 200 1# _aРАЗВИТИЕ ТУРИСТИЧЕСКОЙ ИНФРАСТРУКТУРЫ В СОЛЬВЫЧЕГОДСКЕ С УЧЕТОМ АРХИТЕКТУРНОЙ ИДЕНТИЧНОСТИ ГОРОДА _eЖурнальная статья 210 1# _aБелгород _cБелгородский государственный технологический университет им. В.Г. Шухова _d2026 215 ## _a10 с. 606 ## _aАрхитектура. 07.06.01 _2local 608 ## _aЖурнальная статья _2local 675 ## _aПредварительные исследования. Составление задания на проектирование, программирование. 721.001 _z 686 ## _aАрхитектура. 8511 _2bbk 686 ## _aАрхитектура гражданских и промышленных зданий. 8527 _2tbk 686 ## _aАрхитектура. 67.07 _2grnti 700 #1 _aЕремеева _gА. Ф. 700 #1 _aНовикова _gВ. Е. 700 #1 _aРассолова _gС. С. 856 4# _azh-szf.ru _u